| 000 | 01495nam a2200385 a 4500 | ||
|---|---|---|---|
| 003 | CHAP | ||
| 005 | 20230608062647.0 | ||
| 008 | 070626d2007 mx 00010 spa d | ||
| 010 | _a93789 | ||
| 011 | _a94761 | ||
| 020 | _a968020331X | ||
| 035 | _a105358 | ||
| 040 | _cCHAP | ||
| 090 | _aCD-253 | ||
| 111 | 2 |
_aSeminario de investigación ( _n21 : _d2006 _c: Chapingo, Méx) _9104054 |
|
| 245 | 1 | 0 |
_aEstructura y dinámica de los sistemas agroindustriales _c/ coordinadores Rita Schwentesius Rindermann y Claudio Flores Valdez |
| 260 |
_aChapingo, Méx. : _bUACH. Centro de Investigaciones Económicas, Sociales y Tecnológicas de la Agricultura y la Agroindustria Mundial (CIESTAAM) |
||
| 300 | _a1 CD ROM (4 3/4 plg.) | ||
| 590 |
_aBATCH-UPD _b10 _c20130110 _lUCH01 _h1028 |
||
| 590 |
_aBATCH-UPD _b10 _c20130410 _lUCH01 _h0632 |
||
| 590 |
_aBATCH-UPD _b10 _c20130914 _lUCH01 _h0723 |
||
| 590 |
_aBATCH-UPD _b10 _c20130914 _lUCH01 _h2146 |
||
| 590 |
_aCONVERSION _b10 _c20130109 _lUCH01 _h1352 |
||
| 650 | 0 | 4 |
_aBosques _xAspectos económicos. _914058 |
| 650 | 0 | 4 | _aDesarrollo económico. |
| 650 | 0 | 4 |
_aDesarrollo pesquero. _932064 |
| 650 | 0 | 4 |
_aDesarrollo rural _xCongresos. _932070 |
| 650 | 0 | 4 |
_aPolítica forestal. _990563 |
| 700 | 1 |
_aSchwentesius Rindermann, Rita _9103302 |
|
| 901 | _aBK | ||
| 905 | _aMarco A. Mendoza T. | ||
| 942 | _cCD | ||
| 949 |
_aCD-253 _bBC _cCD _d33724002223686 _eCD _fc.2 _gDonaciØn _i105358 _sb |
||
| 949 |
_aCD-253 _bBC _cCD _d33724002223728 _eCD _gDonaciØn _i105358 _sb |
||
| 999 |
_c93789 _d93789 |
||